Financovanie originálnych kompetencií v školstve vyššími územnými celkami
Finančné toky na zabezpečenie výkonov škôl a školských zariadení sa rozdelia podľa dvoch druhov kompetencií. Zdroje financovania a výdavky VÚC v rámci svojich originálnych kompetencií na úseku školstva.
Saved in:
| Main Author: | |
|---|---|
| Format: | Book Chapter |
| Language: | Slovak |
| Subjects: | |
| Tags: |
No Tags, Be the first to tag this record!
|
MARC
| LEADER | 00000nla a2200000 4500 | ||
|---|---|---|---|
| 001 | 0175536 | ||
| 005 | 20240502073008.5 | ||
| 041 | 0 | |a slo | |
| 044 | |a SK | ||
| 245 | 1 | 0 | |a Financovanie originálnych kompetencií v školstve vyššími územnými celkami |c Zuzana Neupauerová |
| 520 | |a Finančné toky na zabezpečenie výkonov škôl a školských zariadení sa rozdelia podľa dvoch druhov kompetencií. Zdroje financovania a výdavky VÚC v rámci svojich originálnych kompetencií na úseku školstva. | ||
| 610 | 2 | 0 | |a správa verejná |
| 610 | 2 | 0 | |a vyššie územné celky |
| 610 | 2 | 0 | |a kompetencie |
| 610 | 2 | 0 | |a financovanie školstva |
| 610 | 2 | 0 | |a náklady |
| 610 | 2 | 0 | |a školy |
| 610 | 2 | 0 | |a zariadenia školské |
| 100 | 1 | |a Neupauerová, Zuzana | |